[Event "Reykjavik op"]
[Site "Reykjavik"]
[Date "2025.04.10"]
[Round "3"]
[White "Abramov, Artem"]
[Black "Seum, Ferdinand"]
[Result "1-0"]
[WhiteElo "1948"]
[BlackElo "1772"]
[PlyCount "107"]
[EventDate "2025.04.09"]
[EventType "swiss"]
[EventRounds "9"]
[EventCountry "ISL"]
[SourceTitle "CB17_2025"]
[SourceDate "2025.04.23"]
[SourceVersion "1"]
[SourceVersionDate "2025.04.23"]
[SourceQuality "1"]

1. e4 c6 2. d4 d5 3. Nc3 dxe4 4. Nxe4 Bf5 5. Ng3 Bg6 6. Nh3 e5 7. dxe5 Qxd1+ 8. Kxd1 Nd7 9. f4 Ne7 10. Bd3 Bxd3 11. cxd3 h5 12. Be3 h4 13. Ne4 Nf5 14. Bf2 0-0-0 15. Nhg5 Nh6 16. Bxh4 Nc5 17. Nxc5 Bxc5 18. Ke2 Nf5 19. Bf2 Bxf2 20. Kxf2 Rxd3 21. Rae1 Nh6 22. h3 f6 23. exf6 gxf6 24. Nf3 Nf5 25. Rd1 Rhd8 26. Rxd3 Rxd3 27. Re1 Rd5 28. g4 Nd6 29. f5 Kd7 30. h4 Rc5 31. Re2 a5 32. h5 Nxf5 33. Rd2+ Ke7 34. Kg2 Nh6 35. Kh3 b5 36. Nd4 Rc1 37. Nb3 Rh1+ 38. Kg2 Rh4 39. Nxa5 Rxg4+ 40. Kf3 c5 41. Rd5 Rg5 42. Rxg5 fxg5 43. Nb7 c4 44. Nc5 Nf7 45. Ke4 Kd6 46. Kd4 Kc6 47. Ne4 Kb6 48. Kd5 g4 49. Ke6 Nh6 50. Kf6 b4 51. Kg5 g3 52. Nxg3 c3 53. bxc3 bxc3 54. Kxh6 1-0

[Event "Reykjavik op"]
[Site "Reykjavik"]
[Date "2025.04.09"]
[Round "1"]
[White "Abramov, Artem"]
[Black "Donath, Simon"]
[Result "0-1"]
[WhiteElo "1948"]
[BlackElo "1761"]
[PlyCount "40"]
[EventDate "2025.04.09"]
[EventType "swiss"]
[EventRounds "9"]
[EventCountry "ISL"]
[SourceTitle "CB17_2025"]
[SourceDate "2025.04.23"]
[SourceVersion "1"]
[SourceVersionDate "2025.04.23"]
[SourceQuality "1"]

1. e4 c6 2. d4 d5 3. Nc3 dxe4 4. Nxe4 Bf5 5. Ng3 Bg6 6. Nh3 e6 7. Nf4 Nd7 8. h4 Ne7 9. h5 Bf5 10. c3 h6 11. Nxf5 Nxf5 12. Bd3 Bd6 13. Qe2 Qf6 14. Qe4 0-0-0 15. Bd2 Ne7 16. 0-0-0 e5 17. Ne2 Rhe8 18. g4 exd4 19. Qxd4 Bc5 20. Qc4 Ne5 0-1

[Event "Lesa op"]
[Site "Lesa"]
[Date "2024.05.05"]
[Round "5"]
[White "Lezzerini, Marco"]
[Black "Abramov, Artem"]
[Result "1/2-1/2"]
[WhiteElo "2087"]
[BlackElo "1915"]
[PlyCount "39"]
[EventDate "2024.05.03"]
[EventType "swiss"]
[EventRounds "5"]
[EventCountry "SUI"]
[SourceTitle "CBM 220 Extra"]
[Source "ChessBase"]
[SourceDate "2024.07.31"]
[SourceVersion "1"]
[SourceVersionDate "2024.07.31"]
[SourceQuality "1"]

1. d4 d5 2. c4 c6 3. Nf3 Nf6 4. e3 e6 5. b3 Nbd7 6. Bb2 Bd6 7. Bd3 0-0 8. 0-0 Qe7 9. Ne5 c5 10. Nd2 b6 11. f4 Bb7 12. cxd5 Nxd5 13. Qe2 cxd4 14. Bxd4 Nb4 15. Bb1 Rac8 16. Ne4 Bxe4 17. Bxe4 Bc5 18. Bb2 Nf6 19. Bb1 Rfd8 20. Kh1 1/2-1/2